00666nam a2200157Ia 4500001000700000008004100007020001800048082001600066245018700082260003700269300001100306503001000317504002700327650008700354700006700441Z_6078220601s9999 xx 000 0 und d a970-9000-12-8 a591.972 D57 aDiplomado en manejo de vida silvestre. Conservación y manejo de vertebrados del norte árido y semiárido de México / editado por Óscar Sánchez y Ella Vázquez-Domínguez aMéxico : CONABIO: INE-SEMARNAP a247 p. aej.1: aIncluye bibliografía a1. Conservación de la vida silvestre - México 2. Animales de regiones áridas aI. Sánchez, Óscar, ed. II. Vázquez Domínguez, Ella,Ì